<?xml version="1.0" encoding="UTF-8"?>
<record
    xmlns:xsi="http://www.w3.org/2001/XMLSchema-instance"
    xsi:schemaLocation="http://www.loc.gov/MARC21/slim http://www.loc.gov/standards/marcxml/schema/MARC21slim.xsd"
    xmlns="http://www.loc.gov/MARC21/slim">

  <leader>03423cam a22004454i 4500</leader>
  <controlfield tag="003">PE-LiUPU</controlfield>
  <controlfield tag="005">20250731165440.0</controlfield>
  <controlfield tag="008">160614s2013    pe a   grm    000 0 spa d</controlfield>
  <datafield tag="035" ind1=" " ind2=" ">
    <subfield code="a">(Sirsi) a157252</subfield>
  </datafield>
  <datafield tag="040" ind1=" " ind2=" ">
    <subfield code="a">PE-LiUPU</subfield>
    <subfield code="b">spa</subfield>
    <subfield code="c">PE-LiUPU</subfield>
    <subfield code="e">rda</subfield>
  </datafield>
  <datafield tag="099" ind1=" " ind2=" ">
    <subfield code="a">TE 2</subfield>
    <subfield code="b">M26 2013</subfield>
  </datafield>
  <datafield tag="100" ind1="1" ind2=" ">
    <subfield code="a">Marchena Rivera, Cristina,</subfield>
    <subfield code="e">autor</subfield>
  </datafield>
  <datafield tag="245" ind1="1" ind2=" ">
    <subfield code="a">Efectividad del programa "L&#xE1;piz y papel" para la producci&#xF3;n de textos narrativos en los estudiantes del 4to grado de Educaci&#xF3;n Primaria de la I.E "Fe y Alegr&#xED;a" Nro. del A.A.H.H. Virgen del Carmen, la Era, Lurigancho - Chosica /</subfield>
    <subfield code="c">Cristina Marchana Rivera.</subfield>
  </datafield>
  <datafield tag="264" ind1=" " ind2="0">
    <subfield code="c">2013.</subfield>
  </datafield>
  <datafield tag="300" ind1=" " ind2=" ">
    <subfield code="a">149 hojas : </subfield>
    <subfield code="b">ilustraciones;</subfield>
    <subfield code="c">30 cm</subfield>
  </datafield>
  <datafield tag="336" ind1=" " ind2=" ">
    <subfield code="a">text</subfield>
    <subfield code="2">rdacontent</subfield>
  </datafield>
  <datafield tag="337" ind1=" " ind2=" ">
    <subfield code="a">unmediated</subfield>
    <subfield code="2">rdamedia</subfield>
  </datafield>
  <datafield tag="338" ind1=" " ind2=" ">
    <subfield code="a">volume</subfield>
    <subfield code="2">rdacarrier</subfield>
  </datafield>
  <datafield tag="502" ind1=" " ind2=" ">
    <subfield code="a">149 hojas : </subfield>
    <subfield code="b">ilustraciones;</subfield>
    <subfield code="c">30 cm</subfield>
  </datafield>
  <datafield tag="504" ind1=" " ind2=" ">
    <subfield code="a">Incluye referencias</subfield>
  </datafield>
  <datafield tag="520" ind1="3" ind2=" ">
    <subfield code="a">El prop&#xF3;sito de la investigaci&#xF3;n fue determinar la efectividad del Programa "L&#xE1;piz y papel" para la producci&#xF3;n de textos narrativos en los estudiantes del 4to grado de Educaci&#xF3;n Primaria de la I.E "Fe y Alegr&#xED;a" Nro. del A.A.H.H. Virgen del Carmen, la Era, Lurigancho - Chosica. El tipo de investigaci&#xF3;n fue b&#xE1;sica de enfoque cuantitativo, el dise&#xF1;o pre experimental y la muestra estuvo conformada por un total de 20 estudiantes. Para el desarrollo del estudio se elabor&#xF3; un instrumento que fue validado por expertos. El an&#xE1;lisis de los resultados a trav&#xE9;s de la prueba t demostr&#xF3; que existen diferencias significativas (p&lt;0,05) en planificaci&#xF3;n, donde se obtuvo una media de 6.50, frente a 13.60 despu&#xE9;s, con una diferencia promedio de -7.100; este mismo resultado se obtuvo en la dimensi&#xF3;n de escritura  (p&lt;0,05) en donde la media fue de 14.50 antes frente a un 24.35 despu&#xE9;s, con una diferencia promedio de -9,850; asimismo para la dimensi&#xF3;n de revisi&#xF3;n y publicaci&#xF3;n  (p&lt;0,05) se obtuvo una media de 4.75 antes, frente a un 7.50 despu&#xE9;s, con una diferencia promedio de -2,750; consecuentemente para la variable principal de producci&#xF3;n de textos narrativos se obtuvieron resultados significativos  (p&lt;0,05) siendo la media de 25,75 antes frente a un 45,45 despu&#xE9;s, con una diferencia promedio de -19,700. Estos resultados corroboraron la efectividad del programa, demostrando que los ni&#xF1;os y ni&#xF1;as desarrollaron significativamente los procesos de planificaci&#xF3;n, escritura, revisi&#xF3;n y publicaci&#xF3;n de su texto narrativo. Todos los resultados mencionados anteriormente demostraron que los estudiantes lograron tener mejor dominio de organizaci&#xF3;n de ideas utilizando organizadores gr&#xE1;ficos, fase que demostr&#xF3; una mejor secuencia de hechos en la redacci&#xF3;n de textos narrativos, sin embargo en la fase de revisi&#xF3;n de textos, los ni&#xF1;os y ni&#xF1;as necesitaron tener mejor desarrollo en el reconocimiento de errores presentados en la producci&#xF3;n de textos.</subfield>
  </datafield>
  <datafield tag="526" ind1=" " ind2=" ">
    <subfield code="a">SEG44</subfield>
  </datafield>
  <datafield tag="526" ind1=" " ind2=" ">
    <subfield code="a">SEG26</subfield>
  </datafield>
  <datafield tag="526" ind1=" " ind2=" ">
    <subfield code="a">P151</subfield>
  </datafield>
  <datafield tag="526" ind1=" " ind2=" ">
    <subfield code="a">P150</subfield>
  </datafield>
  <datafield tag="526" ind1=" " ind2=" ">
    <subfield code="a">P149</subfield>
  </datafield>
  <datafield tag="526" ind1=" " ind2=" ">
    <subfield code="a">P146</subfield>
  </datafield>
  <datafield tag="526" ind1=" " ind2=" ">
    <subfield code="a">P145</subfield>
  </datafield>
  <datafield tag="526" ind1=" " ind2=" ">
    <subfield code="a">P126</subfield>
  </datafield>
  <datafield tag="526" ind1=" " ind2=" ">
    <subfield code="a">P125</subfield>
  </datafield>
  <datafield tag="526" ind1=" " ind2=" ">
    <subfield code="a">P92</subfield>
  </datafield>
  <datafield tag="526" ind1=" " ind2=" ">
    <subfield code="a">P75</subfield>
  </datafield>
  <datafield tag="526" ind1=" " ind2=" ">
    <subfield code="a">P74</subfield>
  </datafield>
  <datafield tag="526" ind1=" " ind2=" ">
    <subfield code="a">P27</subfield>
  </datafield>
  <datafield tag="526" ind1=" " ind2=" ">
    <subfield code="a">P15</subfield>
  </datafield>
  <datafield tag="650" ind1="0" ind2="4">
    <subfield code="a">Ni&#xF1;os</subfield>
    <subfield code="x">Arte de escribir</subfield>
    <subfield code="x">Planes y programas</subfield>
  </datafield>
  <datafield tag="596" ind1=" " ind2=" ">
    <subfield code="a">1</subfield>
  </datafield>
  <datafield tag="942" ind1=" " ind2=" ">
    <subfield code="2">ddc</subfield>
    <subfield code="c">TESIS</subfield>
  </datafield>
  <datafield tag="999" ind1=" " ind2=" ">
    <subfield code="a">TE 2 M26 2013</subfield>
    <subfield code="w">ALPHANUM</subfield>
    <subfield code="c">9926</subfield>
    <subfield code="i">T01564</subfield>
    <subfield code="l">CCODEBUL3</subfield>
    <subfield code="m">BUL</subfield>
    <subfield code="r">1</subfield>
    <subfield code="s">Y</subfield>
    <subfield code="t">TESIS</subfield>
    <subfield code="u">2016-6-14</subfield>
    <subfield code="x">EDUCACION</subfield>
    <subfield code="P">P20</subfield>
    <subfield code="o">.STAFF. Tesis</subfield>
    <subfield code="d">9926</subfield>
  </datafield>
  <datafield tag="980" ind1=" " ind2=" ">
    <subfield code="8">1</subfield>
    <subfield code="g">ALBERTO SANCHEZ Responsable de Automatizaci&#xF3;n</subfield>
  </datafield>
  <datafield tag="952" ind1=" " ind2=" ">
    <subfield code="r">2022-07-06 00:00:00</subfield>
    <subfield code="l">0</subfield>
    <subfield code="o">TE 2 M26 2013</subfield>
    <subfield code="p">T01564</subfield>
    <subfield code="t">e1</subfield>
    <subfield code="w">2016-06-14</subfield>
    <subfield code="x">FACIHED</subfield>
    <subfield code="y">TESIS</subfield>
    <subfield code="z">Este &#xCD;tem NO se presta por ser Ejemplar #1.</subfield>
    <subfield code="1">0</subfield>
    <subfield code="2">ddc</subfield>
    <subfield code="7">1</subfield>
    <subfield code="8">TESIS</subfield>
    <subfield code="f">P20</subfield>
    <subfield code="a">BUL</subfield>
    <subfield code="b">BUL</subfield>
    <subfield code="c">TESIS</subfield>
    <subfield code="d">2016-06-14</subfield>
  </datafield>
</record>
